| 000 | 01028nas a2200337 4500 | ||
|---|---|---|---|
| 001 | BR0902947 | ||
| 003 | BR-BrBNA | ||
| 005 | 20231205113422.0 | ||
| 007 | ta | ||
| 008 | 230509b bl.|||p| |||| 00| 00por d | ||
| 040 |
_aBR-BrBNA _bpor _cBiblioteca Nacional de Agricultura |
||
| 041 | _a(Pt) | ||
| 072 | _aF04; P35 | ||
| 100 | 1 | _aReichardt, K. | |
| 100 | 1 | _aSilva, A.L. da | |
| 100 | 1 | _aFenilli, T.A.B. | |
| 100 | 1 | _aTimm, L.C. | |
| 100 | 1 | _aBruno, I.P. | |
| 100 | 1 | _aVolpe, C.A. | |
| 245 | 1 | _aRelação entre a adubação nitrogenada e as condições hídricas do solo para um cafezal de Piracicaba, SP | |
| 650 | _aCAFÉ | ||
| 650 | _aFERTILIZANTE NITROGENADO | ||
| 650 | _aADUBAÇÃO | ||
| 650 | _aLIXIVIAÇÃO | ||
| 650 | _aBALANÇO HÍDRICO | ||
| 650 | _aSAO PAULO | ||
| 773 | 0 |
_tCoffee Science (Brazil) _xISSN 1809-6875 _g(Jan-Jun 2009), v. 4(1) p. 41-55 _wBR0902947 |
|
| 856 | 4 | 0 | _uhttp://www.aprh.pt/rgci/pdf/rgci-155_Borges.pdf |
| 909 |
_a202311 _bLúcia _c55 _dLúcia Elande |
||
| 942 |
_2AGRIS _n0 _cANA |
||
| 999 |
_c203670 _d203670 |
||